| 000 | 00602nam a22000977a 4500 | ||
|---|---|---|---|
| 008 | 220103b ||||| |||| 00| 0 eng d | ||
| 100 | _aSchwaneberger Verlag | ||
| 245 |
_aMichel Stempel-Handbuch: II. Teil (part 2) _bNachklassische Stempel der Deut. Reichspost 1875-1900 |
||
| 260 |
_aMunich. Germany _bSchwaneberger Verlag _c1983 |
||
| 650 | _aGermany | German States | Postal Markings | 19th Century | Catalogs and Price Lists | Postal History | Post Offices | Postal Laws and Regulations | Railway Mail | Shipping Companies and Packet Service | Maritime Mail | Pneumatic Mail | Klaucke, Julius | Bibliographies | ||
| 999 |
_c3263 _d3263 |
||